Continuación de la Eneida de Publio Virgilio Maron (Record no. 8462)
[ view plain ]
| 000 -CABECERA | |
|---|---|
| campo de control de longitud fija | 01238nam a2200265 a 4500 |
| 001 - NÚMERO DE CONTROL | |
| campo de control | BRCA_8811 |
| 005 - FECHA Y HORA DE LA ÚLTIMA TRANSACCIÓN | |
| campo de control | 20190320210424.0 |
| 008 - DATOS DE LONGITUD FIJA--INFORMACIÓN GENERAL | |
| campo de control de longitud fija | 240417s1777----sp-#######---#000-0#spa-# |
| 041 ## - CÓDIGO DE LENGUA | |
| Código de lengua del texto/banda sonora o título independiente | latspa |
| 044 ## - CÓDIGO DEL PAÍS DE LA ENTIDAD EDITORA/PRODUCTORA | |
| Código MARC del país | sp |
| 084 ## - OTRO NÚMERO DE CLASIFICACIÓN | |
| Número de clasificación | BE192 |
| Número de documento/Ítem | .V57 1777 |
| 100 1# - ENTRADA PRINCIPAL--NOMBRE DE PERSONA | |
| Nombre de persona | Virgilio Marón |
| Fechas asociadas al nombre | 70- 19 a.C. |
| 9 (RLIN) | 21953 |
| 245 10 - MENCIÓN DE TÍTULO | |
| Título | Continuación de la Eneida de Publio Virgilio Maron |
| Mención de responsabilidad, etc. | traducida por el Doctor Gregorio Hernández de Velazco; El suplemento de la Eneida de Mafeo Veggio; Poesía sobre el testamento de Virgilio; La letra de Pithagoras; Todas las dichas Obras con las traducciones del Doctor Gregorio Hernández de Velazco; Declaración del mismo, que sirven de índice: i los catalectos de Virgilio. |
| 260 ## - PUBLICACIÓN, DISTRIBUCIÓN, ETC. | |
| Lugar de publicación, distribución, etc. | En Valencia |
| Nombre del editor, distribuidor, etc. | En la Oficina de Joseph I Thomas de Orga |
| Fecha de publicación, distribución, etc. | 1777 |
| 300 ## - DESCRIPCIÓN FÍSICA | |
| Extensión | 672 p. |
| Dimensiones | 18.1 x 11 cm |
| 500 ## - NOTA GENERAL | |
| Nota general | Con las licencias necesarias |
| 500 ## - NOTA GENERAL | |
| Nota general | Estado físico: presenta encuadernación en pergamino con cintas rotas y presencia del pez de plata |
| 546 ## - NOTA DE LENGUA/LENGUAJE | |
| Nota de lengua/lenguaje | Texto en: latín y español |
| 650 14 - PUNTO DE ACCESO ADICIONAL DE MATERIA--TÉRMINO DE MATERIA | |
| Término de materia o nombre geográfico como elemento de entrada | Poesía latina |
| 9 (RLIN) | 21954 |
| 700 1# - PUNTO DE ACCESO ADICIONAL--NOMBRE DE PERSONA | |
| Nombre de persona | Hernández de Velazco, Gregorio |
| Término indicativo de función/relación | tr. |
| 9 (RLIN) | 21955 |
| 700 1# - PUNTO DE ACCESO ADICIONAL--NOMBRE DE PERSONA | |
| Nombre de persona | Orga, Thomas de |
| Término indicativo de función/relación | Impresor |
| 9 (RLIN) | 21956 |
| 700 1# - PUNTO DE ACCESO ADICIONAL--NOMBRE DE PERSONA | |
| Nombre de persona | Orga, José de |
| Término indicativo de función/relación | Impresor |
| 9 (RLIN) | 21957 |
| 902 ## - CATALOGADOR | |
| Iniciales | CFM |
| 942 ## - ELEMENTOS DE PUNTO DE ACCESO ADICIONAL (KOHA) | |
| Fuente del sistema de clasificación o colocación | Library of Congress Classification |
| Tipo de ítem Koha | Libros |
| Estado de retiro | Estado de pérdida | Estado dañado | No para préstamo | Localización permanente | Ubicación/localización actual | Fecha de adquisición | Total de préstamos | Signatura topográfica completa | Código de barras | Fecha visto por última vez | Precio válido a partir de | Tipo de ítem Koha |
|---|---|---|---|---|---|---|---|---|---|---|---|---|
| El ejemplar forma parte de la colección y puede ser consultado según las políticas vigentes. | Biblioteca del Museo Franz Mayer (Rogerio Casas-Alatriste) | Biblioteca del Museo Franz Mayer (Rogerio Casas-Alatriste) | 24/04/2017 | BE192 .V57 1777 | CFM00138 | 22/03/2019 | 22/03/2019 | Libros |